Orlando Magics - Players (Sudden death) - Statistics

General Stats
  • This quiz has been taken 16 times
  • The average score is 10 of 15
Answers on the Grid
Answers color-coded by a green-red scale on the quiz's grid according to % correct below.
Shaquille O'Neal
Dennis Scott
Horace Grant
Tracy McGrady
Grant Hill
Patrick Ewing
Paolo Banchero
Gary Harris
Dwight Howard
Franz Wagner
Jalen Suggs
Nikola Vučević
Dominique Wilkins
Juwan Howard
Penny Hardaway
Tim Duncan
Magic Johnson
Charles Barkley
John Stockton
Wilt Chamberlain
Michael Jordan
Larry Bird
Tony Parker
Kobe Bryant
 
Answer Stats
Answer % Correct
Jalen Suggs
85%
Paolo Banchero
85%
Tracy McGrady
85%
Franz Wagner
77%
Gary Harris
77%
Shaquille O'Neal
77%
Horace Grant
69%
Nikola Vučević
69%
Penny Hardaway
69%
Dominique Wilkins
62%
Dwight Howard
62%
Juwan Howard
62%
Dennis Scott
54%
Grant Hill
54%
Patrick Ewing
31%
No matching quizzes found
Score Distribution
Percent of People with Each Score
Percentile by Number Answered
Your Score History
You have not taken this quiz